000 00662nam a2200253Ia 4500
005 20260121161143.0
008 008 260114s9999 xx 000 0 eng d
020 _a9781003029823
037 _aEBOOK
040 _aCRL
040 _beng
040 _cCRL
041 _2eng
041 _aeng
084 _qCRL
100 _aDavid Rosenthal; Ovanes Akopyan
_91040880
245 0 _aDisaster in the Early Modern World:Examinations, Representations, Interventions
260 _bTaylor and Francis
260 _c2024
856 _uhttp://www.taylorfrancis.com/books/9781003029823
942 _cEBOOK
999 _c1607696
_d1607696